La exclusión en el marco de las políticas selectivas /
Guardado en:
| Autor principal: | |
|---|---|
| Formato: | Texto |
| Etiquetas: |
Agregar Etiqueta
Sin Etiquetas, Sea el primero en etiquetar este registro!
|
MARC
| LEADER | 00000 a a2200000 04500 | ||
|---|---|---|---|
| 001 | 47735 | ||
| 003 | |||
| 040 | |||
| 100 | |a Víquez, Roxana | ||
| 245 | |a La exclusión en el marco de las políticas selectivas / |c Roxana Víquez | ||
| 773 | |g páginas 169-172 | ||
| 999 | |c 30553 |d 30553 | ||
